Sports Quiz

Random Sports or Football Quiz

50 top football transfers Quiz Stats

 Plays Quiz not verified by Sporcle

Challenge
Share
Tweet
Embed
Score 0/50 Timer 08:00
0 Plays Today
Clubs Involved Player % Correct
Juventus --> Arsenal (1999)Thierry Henry
83.9%
Leeds --> Manchester United (1992)Eric Cantona
82.2%
Sporting Lisbon --> Manchester United (2003)Cristiano Ronaldo
79.1%
Inter Milan --> Arsenal (1995)Dennis Bergkamp
70.2%
Eevrton --> Manchester United (2004)Wayne Rooney
69.9%
Lyon --> Chelsea (2005)Michael Essien
67.8%
Southampton --> Blackburn Rovers (1992)Alan Shearer
64.7%
Celtic --> Liverpool (1977)Kenny Dalglish
63.4%
Parma --> Chelsea (1996)Gianfranco Zola
58.9%
Brondby --> Manchester United (1991)Peter Schmeichel
55.5%
Nottingham Forest --> Manchester United (1993)Roy Keane
54.8%
Corinthians --> West Ham (2006)Carlos Tevez
52.1%
Ajax --> Arsenal (1997)Marc Overmars
51.7%
Rennes --> Chelsea (2004)Petr Cech
51.4%
Bayer Leverkusen --> Tottenham Hotspur (2006)Dimitar Berbatov
51%
Greenwich Borough --> Crystal Palace (1985)Ian Wright
50%
Paris Saint Germain --> Arsenal {1996)Nicolas Anelka
50%
Chester City --> Liverpool (1980)Ian Rush
43.5%
PSV Eindhoven --> Manchester United (2001)Ruud van Nistelrooy
42.5%
Tranmere --> Everton (1925)Dixie Dean
40.8%
West Brom --> Manchester United (1981)Bryan Robson
40.8%
Ipswich Town --> Charlton Athletic (2005)Darren Bent
40.1%
Southampton --> Liverpoool (1971)Kevin Keegan
39%
Manchester United --> Aston Villa (1989)Paul McGrath
38%
Sudbury Court --> Watford (1981)John Barnes
37.7%
Clubs Involved Player % Correct
Partick Thistle --> Liverpool (1977)Alan Hansen
33.6%
Torino --> Manchester United (1962)Denis Law
33.6%
AC Milan --> Tottenham Hotspur (1961)Jimmy Greaves
30.8%
Manchester City --> Portsmouth (2006)David James
25.3%
Newcastle --> Cardiff (2006)Michael Chopra
25%
West Brom --> Wolves (1986)Steve Bull
24.3%
Sheffield Wednesday --> West Ham (1999)Paolo di Canio
21.9%
Newcastle --> Tottenham Hotspur (1985)Chris Waddle
20.2%
Sheffield United --> Scunthorpe (2005)Billy Sharp
19.9%
Crewe --> Aston Villa (1988)David Platt
19.2%
Bury --> Preston (2005)David Nugent
18.8%
Liverpool --> Blackburn Rovers (2000)Brad Friedel
18.8%
Stoke City --> Nottingham Forest (1977)Peter Shilton
16.8%
Billingham Town --> Middlesbrough (1984)Gary Pallister
14%
Bury --> Everton (1981)Neville Southall
13.7%
Bolton --> Manchester City (1967)Franny Lee
12%
Reading --> Chelsea (1983)Kerry Dixon
11%
Hearts --> Tottenham Hotspur (1959)Dave Mackay
9.2%
Northampton Town --> Liverpool (1974)Phil Neal
8.6%
Newcastle --> Aston Villa (1980)Peter Withe
7.2%
Blackburn Rovers --> Fulham (1997)Chris Coleman
5.8%
Rushall Olympic --> Fulham (1999)Zat Knight
5.1%
Crokenhill --> Gillingham (1982)Tony Cascarino
4.8%
Coventry City --> Nottingham Forest (1976)Larry Lloyd
1.7%
Portsmouth --> Luton Town (2005)Rowan Vine
1.7%

You're not logged in!

Compare scores with friends on all Sporcle quizzes.
OR
Log In

You Might Also Like...

Show Comments

Extras

Top Quizzes Today


Score Distribution

Your Account Isn't Verified!

In order to create a playlist on Sporcle, you need to verify the email address you used during registration. Go to your Sporcle Settings to finish the process.

Report this User

Report this user for behavior that violates our Community Guidelines.

Details: